| 000 | 00744nam a2200205Ia 4500 | ||
|---|---|---|---|
| 003 | GCL | ||
| 008 | 140319s9999 xx 000 0 ara d | ||
| 020 | _a3408287977 | ||
| 040 |
_aGCL / _cGCL |
||
| 082 | 0 | 4 |
_a681.62 _bح ط |
| 100 | 1 | _aحسام شوقى | |
| 245 | 1 | 0 |
_aالطابعات : تعريفها-كيفية اختيارها-انواعها-صيانتها / _cحسام شوقى |
| 250 | _aالاولى | ||
| 260 |
_aالقاهرة : _bدار الكتب العلمية للنشر والتوزيع ، _c2004 |
||
| 300 |
_a303 ص ؛ _c24 سم |
||
| 650 | 0 | 4 | _aالطابعات |
| 650 | 0 | 4 | _aالحاسبات الالكترونية - مخرجات |
| 650 | 0 | 4 | _aالحاسبات الالكترونية - طابعات |
| 942 |
_2ddc _cBK |
||
| 999 |
_c10154 _d10154 |
||